LEADER 01504nam 2200349 n 450 001 996391824203316 005 20200824121808.0 035 $a(CKB)4940000000109049 035 $a(EEBO)2240905364 035 $a(UnM)99864439e 035 $a(UnM)99864439 035 $a(EXLCZ)994940000000109049 100 $a19931110d1648 uy | 101 0 $aeng 135 $aurbn||||a|bb| 200 12$aA great and boody fight in Shropshire$b[electronic resource] $eShrowden suprized by a troop of horse for the King. And the fight with Coll: Mackworth. The number of the Lord Byrons army, and their randezvouz at Brees-Heath. Prince Charles his instructions, with Sir Marmaduke Langdales letter to the Lord Byron: the Lord Byrons declaration to the kingdom, and his resolutions. With his lordships speech in the head of his army at Brees-Heath 210 $aLondon $cPrinted for A.H. neer Pye-corner$d1648 215 $a[2], 6 p 300 $aDated and signed on p.3: Shrewsbury this 6th of August 1648. Robert Jones. 300 $aAnnotation on Thomason copy: "Aug: 8th". 300 $aReproduction of the original in the British Library. 330 $aeebo-0018 607 $aGreat Britain$xHistory$yCivil War, 1642-1649$vEarly works to 1800 700 $aJones$b Robert$0421002 801 0$bCu-RivES 801 1$bCu-RivES 801 2$bCStRLIN 801 2$bWaOLN 906 $aBOOK 912 $a996391824203316 996 $aA great and boody fight in Shropshire$92326370 997 $aUNISA